000
00340nam a2200145 4500
008
190521s2010||||xo d
100
1
_a
Fordová Arielle
_9
1121
245
1
0
_a
Tajomstvo spriaznených duší
260
_a
Bratislava
_c
2010
_b
Ikar
250
_a
1.vydanie
020
_c
0
041
1
_a
slo
044
_a
xo
_c
SK
958
_a
AUL
999
_c
22417
_d
22417